000 00658nam a2200181Ia 4500
005 20250508153749.0
008 008 250505s9999 xx 000 0 eng d
037 _aTextual
040 _aFEDL
_beng
_cFEDL
041 _aeng
_2eng
084 _a379.73, ALE
_qFEDL
100 _aAlexander William M
245 0 _aState leadership in improving instruction: A study of the leadership service function of state education departments, with special reference to Louisiana, Tennessee, and Virginia
260 _aNew York, USA
_bWilliam Marvin Alexander
_c1940
300 _aviii,193p.
942 _cTEXL
_h379.73, ALE
999 _c1345315
_d1345315